000 00188nam a2200073Ia 4500
008 170817s9999 xx 000 0 und d
100 _aAGGARWAL J.C.
245 0 _aCHILD DEVOLPMENT & PROCESS OF LEARNING
260 _bSHIPARA
999 _c37341
_d37341